000 01315nam a22001937a 4500
999 _c59548
_d59548
003 Ge_BSU
005 20230313143614.0
008 230313s2007 ge ||||| |||| 00| 0 geo d
020 _a9287149844
041 _ageo
080 _a364.6(4) : 349.3(4) ს-74
245 _aსოციალური უფლებების ხელმისაწვდომობა ევროპაში :
_bმიღებულია სოც. ინტეგრაციის ევრ. კომ-ტის მიერ მე-8 სხდომაზე (CDCS) (სტრასბურგი, 2002 წლის 28-30 მაისი) : ანგარიში /
_cმომზადებულია მერი დეილის მიერ ; [ითარგმნა და გამოიცა საქ. ევროპის საბჭოს საინფორმ. ბიუროს მიერ].
264 _aთბილისი :
_bევროპის საბჭოს გამ-ბა,
_c[2007].
300 _a160გვ. ;
_b23სმ.
500 _aდანართები: გვ. 112-156.
504 _a ბიბლიოგრ.: გვ. 157-158.
653 _aსოციალური უფლებების დაცვა ევროპაში
942 _2udc
_cBK